[Event "Hoogovens"]
[Site "Wijk aan Zee"]
[Date "1998.01.17"]
[Round "2"]
[White "Anand, Viswanathan"]
[Black "Van Wely, Loek"]
[Result "1-0"]
[WhiteElo "2770"]
[BlackElo "2605"]
[Annotator "Anand,V"]
[PlyCount "83"]
[EventDate "1998.01.16"]
[EventType "tourn"]
[EventRounds "13"]
[EventCountry "NED"]
[EventCategory "17"]
[SourceTitle "CBM 063"]
[Source "ChessBase"]
[SourceDate "1998.03.26"]
[SourceVersion "1"]
[SourceVersionDate "1998.03.26"]
[SourceQuality "1"]

1. Nf3 {Ftacnik} c5 2. c4 Nf6 3. Nc3 e6 4. g3 b6 5. Bg2 Bb7 6. O-O Be7 7. Re1
d5 8. cxd5 exd5 9. d4 O-O 10. Bf4 Nbd7 (10... Nc6 {Ftacnik} 11. Rc1 (11. dxc5
Bxc5 12. Bg5 h6 13. Bxf6 Qxf6 14. Qxd5 Rad8 15. Qh5 Rfe8 16. Rad1 Rxd1 17. Rxd1
Nd4 18. Nxd4 Bxg2 19. Kxg2 Bxd4 20. Qf3 {Osieka,U-Schuh,H/BL2-SW 1989/1/2-1/2 
(46)}) (11. Qa4 Ne4 12. Rad1 cxd4 13. Nxe4 dxe4 14. Nxd4 Nxd4 15. Rxd4 Bc6 16.
Rxd8 Bxa4 17. Rxa8 Rxa8 18. Bxe4 Rd8 19. Bd3 Bc5 20. Rc1 {Vokac,M-Votava,J/
Karvina op 1989/1-0 (57)}) 11... Rc8 (11... Ne4 12. dxc5 Nxc3 13. bxc3 Bxc5 14.
Qd3 h6 15. Rcd1 Qf6 16. Qxd5 Rad8 17. Qb3 g5 18. Bc1 Na5 19. Qc2 Rc8 20. Qd3
Bc6 21. Nd4 Ba4 {Wilhelmi,C-Richter,M/DLM 1996/1/2-1/2 (54)}) 12. Bh3 Ra8 13.
Qa4 a6 14. dxc5 Bxc5 15. Red1 h6 16. Ne5 Ne7 17. Nd7 Nxd7 18. Qxd7 Qxd7 19.
Bxd7 Rfd8 20. Bh3 Bc8 21. Bxc8 Raxc8 22. Na4 {1-0 Anguix Garrido,J-Franco,C/
Ibercaja op 1994/ (27)}) (10... Na6 $5 {Ftacnik} 11. Rc1 Ne4 12. dxc5 Naxc5 13.
Be5 Re8 14. Nb5 Bf8 15. Nbd4 a5 $13 {Csom,I-Barczay,L/HUN(ch)/1977/}) 11. dxc5
(11. Ne5 {Ftacnik} Nxe5 12. Bxe5 Ne4 13. dxc5 Nxc3 14. bxc3 Bxc5 15. Bd4 Rc8
16. Qa4 Bc6 17. Qb3 Qd6 18. Red1 Rfd8 19. Rd2 h6 20. e3 {1-0 Schussler,
H-Rozentalis,E/Copenhagen AS04 1988/ (39)}) (11. Qb3 {Ftacnik} a6 12. a4 Rc8
13. Rad1 Re8 14. dxc5 Nxc5 15. Qa2 Nce4 16. Nxe4 Nxe4 17. Nd4 Bc5 18. Be3 Qf6
19. Qb3 h5 20. h4 Re7 21. Bh3 Rce8 22. Rd3 Nxf2 23. Bxf2 Rxe2 24. Rxe2 Rxe2 25.
Rf3 Rxf2 26. Rxf6 Rxf6 27. Qd3 {1-0 Ryan,J-Kennedy,M/IRL-ch 1992 (41)}) 11...
Bxc5 $1 $146 (11... Nxc5 12. Be5 $14 {Kramnik} (12. Rc1 {Ftacnik} Nfe4 $14) (
12. Be5 Re8 13. Qc2 $14)) (11... bxc5 12. Nh4 {- 59/58} (12. Nh4 $1 {Ftacnik}
Nb6 (12... Nh5 13. Nf5 $1 (13. Nxd5 Bxh4 14. gxh4 Bxd5 $1 15. Qxd5 Nxf4 16.
Qxa8 Qxa8 17. Bxa8 Rxa8 $13) 13... Nxf4 14. gxf4 Nb6 15. Nxd5 $1 Bxd5 16. Bxd5
Nxd5 17. Qxd5 Bf6 (17... Qxd5 $4 18. Nxe7+ $18) 18. Rad1 Qa5 $1 19. Nd6 Rad8
20. e4 Bxb2 21. e5 {1-0 Gulko,B-Shabalov,A/USA-ch 1994/}) 13. Nf5 $16 Re8 (
13... Qd7 14. e4 $5 d4 15. Nb5 Qxb5 16. Nxe7+ Kh8 17. Nf5 $16) 14. Nb5 Qd7 (
14... Nh5 15. Bd6 Bf8 16. e4 Nf6 17. e5 $16) 15. Nbd6 Bxd6 16. Nxd6 Re6 $6 (
16... Red8 17. Rc1 c4 18. Nxb7 Qxb7 19. Be5 $16) 17. Bh3 Bc6 18. Qc1 c4 19. Be5
$1 Rf8 20. Qf4 Nh5 21. Bxe6 $1 fxe6 22. Qd4 $18 {1-0 Kramnik,V-Ribli,Z/
Groningen PCA 1993/CBM 39/[Belov] (29)})) 12. Nd4 Ne4 (12... Re8 {Ftacnik} 13.
Rc1 Rc8 14. Ncb5 $14) 13. Nxe4 dxe4 $11 14. Qd2 (14. Nf5 {Ftacnik} Re8 $14)
14... Nf6 (14... Qf6 $5 15. Red1 Ne5) (14... Re8 {Ftacnik} 15. Red1 $14) 15.
Red1 Qd5 16. b4 Be7 (16... Bxd4 {Ftacnik} 17. Qxd4 Qxd4 18. Rxd4 Rac8 19. Rad1
$14) 17. Qb2 Ng4 $2 {Ftacnik: A serious tactical blunder, black was already
under pressure from white active central pieces.} (17... Rfd8 18. h3 Ne8 $13) (
17... Rac8 $5 {Ftacnik} 18. b5 $14) 18. f3 $1 (18. h3 $2 Nxf2 $1) 18... Nf6 (
18... exf3 19. Bxf3 (19. exf3 $6 Nf6 20. g4 {/\ Nf5} (20. Rac1 $14 {Ftacnik})
20... Rfd8 $1) 19... Qh5 20. e4 $1 $16 {/\ Qe2, Nf5} (20. e4 Rad8 21. Qe2 Ba6
22. b5 Rxd4 23. bxa6 Qc5 $11)) (18... e3 {Ftacnik} 19. Nf5 Qxf5 20. fxg4 Qc8
21. Rac1 $18) 19. Rac1 Rfd8 (19... Qh5 20. g4 $1) (19... Rfc8 20. Nc6 Bxc6 (
20... Qe6 21. Bh3 $1 Qxc6 22. Bxc8 $1 $18) 21. Rxd5 Bxd5 22. Rxc8+ Rxc8 23.
fxe4 $16) 20. Bc7 $1 Rd7 $2 (20... Re8 $1 21. Nc6 Qe6 $14 (21... Qf5 {Ftacnik}
22. a4 $14)) 21. Bh3 {Ftacnik: It takes some loss of the material to make
defenders task hopeless.} Rxc7 (21... exf3 22. exf3 Rxc7 23. Rxc7 Bd6 24. Rc3
$1 {/\ Rcd3}) (21... Rc8 {Ftacnik} 22. Bxd7 Qxd7 23. Be5 Rxc1 24. Rxc1 $18) 22.
Rxc7 Bd6 23. Rcc1 Be5 (23... exf3 24. Nxf3 $1) 24. Bg2 $1 {/\ f4} (24. f4 $4 e3
$1 $19) 24... exf3 (24... Rd8 {Ftacnik} 25. e3 exf3 26. Bxf3 Qd7 (26... Qxf3
27. Nxf3 Rxd1+ 28. Rxd1 $18) (26... Bxd4 27. Rxd4 Qxf3 28. Rxd8+) 27. Bxb7 Qxb7
28. Nc6 $18) 25. Bxf3 Qd7 26. Qd2 h5 (26... Rd8 {Ftacnik} 27. Nb3 $18) 27. Nc6
Qxd2 (27... Bxc6 {Ftacnik} 28. Qxd7 Bxd7 29. Bxa8 $18) 28. Rxd2 Bxc6 29. Bxc6
$18 Rc8 30. b5 (30. Rdc2 {Ftacnik} h4 31. Bf3 $18) 30... h4 (30... g6 31. Rc4
$18) 31. Rcd1 $1 {Ftacnik: Anand correctly focuses his attention on vulnerable
a7 pawn.} (31. gxh4 $2 {Ftacnik} Bf4 $14) 31... hxg3 32. Rd8+ Rxd8 33. Rxd8+
Kh7 34. hxg3 Bxg3 35. Ra8 Bd6 (35... Ng4 {Ftacnik} 36. Rxa7 Ne5 37. Be4+ Kh6
38. Rb7 $18) 36. Rxa7 Kg6 37. a4 {Ftacnik: On top of everything black knight
is ompletely framed by the Bc6.} Ng4 (37... Bc5+ {Ftacnik} 38. Kh1 Bb4 39. a5
Bxa5 40. Rxa5 bxa5 41. b6 $18) 38. Be8 $1 Ne5 39. a5 Bc5+ (39... bxa5 40. Ra6
Nc4 41. Rc6 $18) 40. Kh1 bxa5 41. Ra6+ (41. b6 {Ftacnik} Kf5 (41... Bxb6 42.
Ra6 Nc4 43. Bb5 $18) 42. Ra6) 41... Kf5 42. b6 (42. b6 {Ftacnik} Bd6 43. b7 Bc7
44. Rxa5 g5 45. Ra8 $18) 1-0

[Event "Hoogovens"]
[Site "Wijk aan Zee"]
[Date "1998.01.25"]
[Round "8"]
[White "Karpov, Anatoly"]
[Black "Anand, Viswanathan"]
[Result "1/2-1/2"]
[WhiteElo "2735"]
[BlackElo "2770"]
[Annotator "Anand,V"]
[PlyCount "120"]
[EventDate "1998.01.16"]
[EventType "tourn"]
[EventRounds "13"]
[EventCountry "NED"]
[EventCategory "17"]
[SourceTitle "CBM 063"]
[Source "ChessBase"]
[SourceDate "1998.03.26"]
[SourceVersion "1"]
[SourceVersionDate "1998.03.26"]
[SourceQuality "1"]

{After our match in Lausanne, one might assume there was a lot at stake in
this game. However, I think neither player wanted to think about this aspect.
I treated this game as any either. In the tournament itself, I was 2 points
ahead of Karpov (I had +3 and he was on -1) at this moment and the game had no
significance for the tournament either.  Still the game itself, despite lots
of errors was quite interesting.} 1. d4 {Khalifman} d5 2. c4 c6 3. Nc3 Nf6 4.
Nf3 {Since he normally plays e3, I guessed that a Moscow variation was on the
cards.} e6 5. Bg5 {Khalifman: Das würde Karpov zum Beispiel gegen Kramnik
nicht wagen, denn der geht mit 5...dxc4 nun in das Botwinniksystem über
während bei Anand nur mit dem Moskauer System (9...h6) zu rechnen ist.} h6 6.
Bxf6 {I don't think Anatoly even considered 6.Bh4} Qxf6 7. e3 Nd7 8. Rc1 {
A move that was played by the great Capa (Capablanca-Levenfish Moscow 1936) !}
(8. Bd3 {Khalifman} Qd8 (8... Bd6) 9. O-O Be7 10. a3 O-O 11. Rc1 a6 12. e4 dxc4
13. Bxc4 b5 14. Ba2 c5 15. d5 $14 {Kramnik,V-Illescas Cordoba,M/Alcobendas m
1993/CBM 39/[Kortschnoj]/1-0 (48)}) 8... Qd8 9. Bd3 Be7 10. O-O O-O 11. Qe2 a6
12. Bb1 (12. a3 f5 13. b4 Bd6 14. Nd2 Nf6 15. f4 Bd7 16. c5 Bc7 17. Nf3 (17.
Qd1 Be8 18. Be2 {Would be similar to what Karpov tried to get in the game.})
17... Be8 18. Qb2 Bh5 $11 {Spraggett,K-Illescas Cordoba,M EUCup Barcelona 1993.
} (18... Bh5 {Khalifman} 19. Ne5 Ne4 20. a4 g5 {1/2-1/2 Spraggett,K-Illescas
Cordoba,M/EUCup Gr7 1993/CBM 38 (43)})) 12... f5 (12... b5 13. cxd5 cxd5 14. e4
$1 Bb7 15. exd5 exd5 16. Qd3 g6 17. Ne5 $14 {Vakhidov,T-Paranjan,A UZB-ch 1993.
}) 13. Ne1 {Karpov goes in for Spragett's plan, but he has lost time due to 12.
Bb1. Perhaps it would have been better just to play 13.Rfd1} Bd6 14. c5 {
Khalifman: Das weiße Spiel gefällt mir nicht: Erst Tc1, nun c5. Auch 15. f4
ist merkwürdig. Karpov unternimmt im Folgenden überhaupt nichts, sondern
wartet ab, was passiert.} Bc7 15. f4 Nf6 16. Bd3 (16. b4 $5 {Khalifman jetzt
oder später wäre etwas Aktivität.}) 16... Bd7 17. Qd1 $6 {Trying to stop
Bd7-e8-h5, but White should have played Nf3-e5 as soon as possible to get
equality. Now he stands worse.} g5 $1 {It is important to omit Be8 - Black
wants to swing the second rook over to the kingside and the bishop would get
in the way. Black can always play Be8 later.} 18. g3 Rf7 19. Rc2 Rg7 20. Rg2
Qe7 21. Be2 Kh8 22. Qb3 Rb8 23. Nd3 Be8 24. Qd1 $6 {White should have waited
on b3 longer hindering Rbg8 - Bh5 is not such a big threat.} Bf7 25. Ne5 Rbg8
26. Bf3 Be8 $1 {Now everything is perfect for a kingside advance. It is
amazing how quickly White gets into trouble.} 27. b4 h5 $15 28. Re1 h4 29. Kf2
{An amazing move, but White's position already calls for desperate measures.}
gxf4 30. exf4 $8 (30. gxf4 Rxg2+ 31. Bxg2 Bxe5 32. dxe5 Ng4+ $17) 30... Ne4+
31. Bxe4 fxe4 32. Ke3 {White only needs one more move (Reg1) to consolidate. I
felt that hxg3 would be premature because of the opening if the h-file that it
entails. Therefore Black must open up a second front.} (32. Reg1 $4 h3 $19)
32... a5 $1 33. a3 axb4 34. axb4 b6 $1 {Since White can't meet Bxe5 with fxe5
due to Qg5+, Black must soften up the c5 square.} 35. Na4 (35. cxb6 $2 Bxe5 $1
36. dxe5 Qxb4 37. Qd4 Qe7 $1 {/\ c5} 38. Na4 Qa3+ $1) 35... b5 $1 {Why has
Black changed his mind? Actually, White has managed to defend the c5 square,
so Black must change tack. This move takes away the c4 square from White's
king.} 36. Nc3 hxg3 {After opening lines on the queenside, Black returns to
the kingside.} 37. Rh1 Qh4 {Khalifman: Schwarz muß hier auf Gewinn stehen. Der
weiße König steht sehr gefährdet.} 38. Ne2 $8 (38. hxg3 Rxg3+ 39. Rxg3 Rxg3+
40. Kd2 Rh3 $17) (38. Qe1 Bxe5 39. dxe5 (39. fxe5 Qh6+ 40. Ke2 Bh5+ $19) 39...
d4+ $1 40. Kxd4 Qd8+ $1 $19 {The reason b6-b5 was necessary - White can't play
Kc4}) 38... Rh7 39. Qg1 (39. Qe1 Bxe5 (39... Qh6) 40. dxe5 d4+ 41. Kxd4 (41.
Nxd4 Qh3 $1 $19) 41... Bh5 $1 (41... Qd8+ 42. Kc3 Qd3+ 43. Kb2) 42. hxg3 Qg4 {
is similar to the game.}) 39... Rf8 $1 (39... Bxe5 {Khalifman} 40. dxe5 d4+)
40. Qe1 {Karpov defends extremely well - White must keep hxg3 as a defence
against Bh5} (40. Rxg3 Bxe5 41. dxe5 Bh5 $17) 40... Bxe5 $1 {There is nothing
to be gained by waiting longer.} 41. dxe5 d4+ $1 42. Kxd4 Bh5 $1 43. hxg3 Qg4
44. Rf2 (44. Ng1 Ra8 $1 (44... Rxf4 45. Rh4 e3+ 46. gxf4 Qxg2 47. Kxe3) 45. Rh4
Qg6 46. Kc3 Ra3+ 47. Kb2 Rha7 $40) 44... Ra8 $1 45. Rh4 Qg6 46. Kc3 Ra2 $4 {
I now missed two clear wins.} (46... e3 $1 {The first one. Khalifman: gewinnt
forciert. Es droht Matt eingeleitet mit 47...Ra3.} 47. Rfh2 Ra3+ 48. Kb2 Ra2+
$1 $19 49. Kc3 (49. Kxa2 Qc2+ 50. Ka3 Ra7#) 49... Qc2+ 50. Kd4 Ra3) 47. Rfh2
Rxe2 {Still, this leads to a won ending, so no harm has been done yet.} 48.
Rxe2 Bxe2 49. Rxh7+ Kxh7 50. Qxe2 Qxg3+ 51. Kd4 Qxf4 52. Qh5+ (52. Qxe4+ Qxe4+
53. Kxe4 Kg6 {The pawn ending is completely lost.}) 52... Kg7 53. Qe8 e3+ $4 {
Now when I should not have played e3, I do it!!} (53... Qd2+ 54. Kxe4 Qxb4+ 55.
Kf3 {I stopped here, but it only takes a second to see that Black can force
White into giving up one more pawn.} (55. Kd3 Qb3+ 56. Kd2 Qd5+ $19) 55... Qc3+
$1 56. Kg4 Qd4+ 57. Kf3 Qd3+ 58. Kf2 Qf5+ $19 {White can't go to the g-file,
so it is over.}) 54. Kd3 Qf5+ 55. Kxe3 Qxe5+ 56. Kd3 Qd5+ 57. Ke3 Kf6 58. Qf8+
{It's perpetual check.} Kg5 59. Qg7+ Kh5 60. Qf7+ Kg5 1/2-1/2

[Event "Linares 15th"]
[Site "Linares"]
[Date "1998.02.22"]
[Round "1"]
[White "Shirov, Alexei"]
[Black "Anand, Viswanathan"]
[Result "0-1"]
[WhiteElo "2710"]
[BlackElo "2770"]
[Annotator "Hecht,H"]
[PlyCount "110"]
[EventDate "1998.02.22"]
[EventType "tourn"]
[EventRounds "12"]
[EventCountry "ESP"]
[EventCategory "21"]
[SourceTitle "CBM 064"]
[Source "ChessBase"]
[SourceDate "1998.06.02"]
[SourceVersion "1"]
[SourceVersionDate "1998.06.02"]
[SourceQuality "1"]

1. e4 c6 2. d4 d5 3. e5 Bf5 4. Nf3 e6 5. Be2 c5 6. Be3 cxd4 7. Nxd4 Ne7 8. c4
Nbc6 9. Nc3 Nxd4 10. Bxd4 dxc4 11. Bxc4 Nc6 12. Bb5 Be7 13. O-O O-O 14. Bxc6
bxc6 15. Ne2 c5 16. Bc3 Qb6 17. Ng3 Bg6 18. Qg4 Rad8 19. h4 h6 20. h5 Bh7 21.
f4 c4+ 22. Kh2 Bb4 23. f5 exf5 24. Nxf5 Bxf5 25. Rxf5 Bxc3 26. bxc3 Qe6 27.
Raf1 Rfe8 28. R1f4 Rd5 29. Re4 Re7 30. Qf4 Rc7 31. Rxc4 $2 Qxf5 32. Qxf5 Rxc4 {
[#] "The endgame is won for Black" (Anand). Nevertheless, it demands a tedious
manoeuvering and gradual improvement of the position of Black's rooks in order
to be able to exploit the numerous White pawn weaknesses and win. [#] "Das
Endspiel ist für Schwarz gewonnen" (Anand). Dennoch ist ein langwieriges
Lavieren und allmähliches Besserstellen der schwarzen Türme erforderlich, um
die zahlreichen weißen Bauernschwächen gewinnbringend ausnutzen zu können.} 33.
Qb1 {Hecht: threatens Qb8+ and Qb1+, indirectly defends e5 and c3 and goes for
the pawn on a7. droht Db8+ und Db1+, verteidigt e5 und c3 indirekt und geht
auf den Ba7 los.} Rd8 34. Qb7 Rxc3 35. Qxa7 Rcc8 {[%csl Ra2,Re5]} 36. a4 Ra8
37. Qc7 Rdc8 (37... Rd4 $6 38. Qc6 Rdxa4 39. e6 fxe6 40. Qxe6+ Kh8) 38. Qb7 Re8
39. Qc6 Rac8 40. Qd7 Rcd8 41. Qc7 Rd5 42. a5 Rdxe5 43. a6 R5e7 44. Qc6 Rf8 $1 {
Hecht: Now the doubling of the rooks on the a-file can no longer be prevented.
The a-pawn falls. Afterwards, the kingside pawns will be wiped out. Jetzt läßt
sich die Verdoppelung der Türme auf der a-Linie nicht mehr verhindern. Der
a-Bauer fällt. Danach werden die Königsflügelbauern aufgerieben.} 45. Kh3 (45.
Qc5 Rd7 {gefolgt von Ta8 bzw. Ta7}) 45... Ra7 46. g4 Rfa8 47. Kh4 Rxa6 48. Qb7
Ra5 49. Qc6 Rf8 50. Qb6 Rg5 51. Qb3 Kh8 52. Qb4 Re8 53. Qa4 Rd8 54. Qe4 f5 55.
gxf5 Rf8 0-1

[Event "Linares 15th"]
[Site "Linares"]
[Date "1998.03.04"]
[Round "10"]
[White "Anand, Viswanathan"]
[Black "Kasparov, Garry"]
[Result "1/2-1/2"]
[WhiteElo "2770"]
[BlackElo "2825"]
[Annotator "Atlas,V"]
[PlyCount "47"]
[EventDate "1998.02.22"]
[EventType "tourn"]
[EventRounds "12"]
[EventCountry "ESP"]
[EventCategory "21"]
[SourceTitle "CBM 064"]
[Source "ChessBase"]
[SourceDate "1998.06.02"]
[SourceVersion "1"]
[SourceVersionDate "1998.06.02"]
[SourceQuality "1"]

1. e4 c5 2. Nf3 d6 3. d4 cxd4 4. Nxd4 Nf6 5. Nc3 a6 6. Be3 Ng4 7. Bg5 h6 8. Bh4
g5 9. Bg3 Bg7 10. Qd2 Nc6 11. Nb3 Nge5 (11... f5 12. exf5 Bxf5 13. h4 Qd7 14.
O-O-O Nb4 15. Nd4 Rc8 16. a3 Rxc3 17. bxc3 Qa4 18. Kb2 Nd5 19. hxg5 hxg5 20.
Qxg5 Bxd4 21. Rxh8+ Bxh8 22. Qh5+ {1-0 Anand,V-Gelfand,B/Biel 1997 (36)}) 12.
f3 b5 13. Bf2 Rb8 (13... Na5 14. Nxa5 Qxa5 15. Nd5 (15. O-O-O Be6 16. Kb1 Nc4
17. Bxc4 Bxc3 18. Qxc3 Qxc3 19. bxc3 Bxc4 {1/2-1/2 Ye Jiangchuan-Forster,R/
Geneva op 1997}) 15... Qxd2+ 16. Kxd2 Rb8 17. c3 Bb7 (17... Nc6 18. a3 O-O 19.
Be2 f5 20. exf5 Rxf5 21. Ne3 {1/2-1/2 Tiviakov,S-Oll,L/Beijing 1997 (61)}) 18.
a4 Bxd5 19. exd5 O-O 20. Be2 Rfc8 21. axb5 axb5 22. Ba7 Rb7 23. Ra5 Nc4+ 24.
Bxc4 bxc4 25. Be3 {1/2-1/2 Aronian,L-Olafsson,H/Erevan olm 1996}) 14. Nd4 (14.
O-O-O Bd7 15. Nd4 Qa5 16. Kb1 O-O 17. h4 g4 18. f4 Nc4 19. Bxc4 bxc4 20. Ka1
Qb6 21. b3 cxb3 22. cxb3 Rfc8 {1/2-1/2 Wallace,J-Szekely,P/Budapest FS05 GM
1995 (40)}) (14. Nd5 e6 15. Ne3 a5 16. a4 bxa4 17. Rxa4 O-O 18. Be2 Ng6 19. O-O
Nf4 20. Rb1 Rb4 21. Rxb4 Nxe2+ 22. Qxe2 axb4 23. Qb5 Qc7 24. h4 Qb7 25. Qe2 Ne5
{1/2-1/2 Leko,P-Milos,G/Yopal 1997 (43)}) 14... Bd7 15. Be2 (15. h4 g4 16. f4
g3 17. Bg1 Ng4 18. Nf5 Bxf5 19. exf5 Nf2 20. Bxf2 gxf2+ 21. Qxf2 Qa5 22. Qg3
Kf8 23. a4 b4 24. Nd1 Nd4 25. Rc1 Nxf5 {0-1 Schneider,B-Heissler,J/BL9697 1997
(39)}) 15... Nc4 $1 16. Bxc4 bxc4 17. Rb1 Rg8 $1 18. Nxc6 (18. h4 $6 {would be
a wrong choice in view of} g4 $1 $36) (18. O-O {was a plausible alternative
here. Now both} {but natural} Nxd4 (18... h5 $2 19. Nxc6 Bxc6 20. Qxg5) ({and} 
18... g4 $6 19. Nxc6 (19. fxg4 $5) 19... Bxc6 20. fxg4 {yield White a superior
position,}) 19. Bxd4 Bxd4+ 20. Qxd4 Qb6 {easily equalizes.}) 18... Bxc6 19. h3
(19. O-O {falls short after} g4 $1 20. fxg4 Bxc3 21. Qxc3 Rxg4 22. Qh8+ Kd7 $40
{/^a8-h1, ><g2}) (19. h4 $6 {fails to} g4 {, with the strong initiative.})
19... h5 $1 {[%csl Re4,Rg4][%cal Gg5g4,Gg7c3,Gc6e4,Gg8g4] Inteding to realize
the programmatic advance g5-g4} 20. Bd4 ({Most probably, the only way to keep
the balance.} 20. O-O g4 $1 {would yield Black excellent attacking
perspectives.}) 20... Bxd4 21. Qxd4 Qb6 $1 22. Qxb6 ({The right reaction. After
} 22. Qxc4 $2 {Correct is} g4 $1 ({the tempting} 22... Qe3+ {is strongly met by
} 23. Kd1 {(/\Re1), and Black's action proves dubious.} (23. Qe2 $4 Qxc3+ 24.
bxc3 Rxb1+ 25. Kd2 Rxh1 $19)) 23. hxg4 $140 hxg4 24. Rh7 e6 $17 {, and Black
attack seems irresistible.}) 22... Rxb6 23. b4 cxb3 24. axb3 1/2-1/2

[Event "Linares 15th"]
[Site "Linares"]
[Date "1998.03.08"]
[Round "13"]
[White "Anand, Viswanathan"]
[Black "Topalov, Veselin"]
[Result "1-0"]
[WhiteElo "2770"]
[BlackElo "2740"]
[Annotator "ChessBase"]
[PlyCount "155"]
[EventDate "1998.02.22"]
[EventType "tourn"]
[EventRounds "12"]
[EventCountry "ESP"]
[EventCategory "21"]
[SourceTitle "CBM 064"]
[Source "ChessBase"]
[SourceDate "1998.06.02"]
[SourceVersion "1"]
[SourceVersionDate "1998.06.02"]
[SourceQuality "1"]

1. e4 c5 2. Nf3 d6 3. d4 cxd4 4. Nxd4 Nf6 5. Nc3 a6 6. Be3 Ng4 7. Bg5 h6 8. Bh4
g5 9. Bg3 Bg7 10. Bc4 (10. h3) (10. Be2 h5 11. Bxg4 Bxg4 12. f3 Bd7 13. Bf2 Nc6
14. O-O e6 15. Nde2 $1 {1-0 Lanka,Z-Rogozenko,D/Chebanenco mem 1st 1998/CBM 64
(31) [Rogozenko]}) (10. Qd2 Nc6 11. Nb3 Nge5 12. f3 b5 13. Bf2 Rb8 14. Nd4 Bd7
15. Be2 Nc4 16. Bxc4 bxc4 17. Rb1 Rg8 18. Nxc6 Bxc6 19. h3 h5 20. Bd4 Bxd4 21.
Qxd4 Qb6 22. Qxb6 Rxb6 23. b4 cxb3 24. axb3 {1/2-1/2 Anand,V-Kasparov,G/
Linares (10)/1998/CBM 64 [Atlas]}) 10... Nc6 11. Nxc6 bxc6 12. h4 $146 (12. Qf3
Rf8 13. Bb3 Ne5 14. Qe3 Rb8 15. O-O Qb6 16. Qe2 Rh8 17. Kh1 h5 18. f4 gxf4 19.
Bxf4 Bg4 20. Qd2 Be6 21. Rad1 Qa5 22. Qe1 h4 23. h3 Nc4 24. Bc1 Kd7 25. Qf2 Rb7
26. Ne2 Nxb2 27. Bxb2 Bxb2 28. Rb1 Qa3 29. Nf4 Bxb3 30. axb3 Bf6 31. Nd3 Qa5
32. e5 Bxe5 33. Qf5+ Kc7 34. Ra1 Qd5 35. Nxe5 Qxe5 36. Qxe5 {1/2-1/2 Anand,
V-Topalov,V/Amber Rapid 1998/EXP 63}) 12... Qb6 13. Bb3 Bd7 14. hxg5 O-O-O 15.
Qd2 (15. gxh6 Bxh6 {[%cal Rh6c1] Weiß kann nicht rochieren}) 15... hxg5 16.
Rxh8 Rxh8 17. O-O-O Ne5 18. f3 Qa5 19. Kb1 Bf6 20. Qe3 Kb7 21. Bf2 Rb8 $2 $16 {
Zu optimistisch} (21... Ra8 $142 $14 {Anand}) 22. g3 Kc8 23. Qe2 $1 {[%csl Ra6]
[%cal Yd1d4,Yd4a4]} Ng6 {[%csl Yd4]} 24. Be1 {[%cal Ge1c3,Yc3a5]} (24. Bxf7
Bxc3) 24... Qb6 (24... Bxc3 25. Bxc3 Qb6 26. Bxf7 $18) 25. Na4 Qb5 $18 (25...
Qa7 $142 26. Bxf7 $16 {Anand}) 26. c4 $1 Qb7 27. Ba5 $16 (27. c5 $1 $18 {Anand}
) 27... c5 28. Nb6+ Qxb6 (28... Kd8 29. Nd5+ Ke8 30. Nxf6+ exf6 31. Rxd6 $18)
29. Bxb6 Rxb6 30. Rd2 (30. Qe3 $5 {[%csl Rg5]}) 30... Be5 31. Qh2 Kc7 32. Rf2
Rb8 33. f4 Rh8 $2 (33... Bd4 $142 {Bietet Schwarz bessere Überlebenschancen.}
34. Rf1 gxf4 35. gxf4 Bc6 36. Qe2 $16) 34. fxe5 $1 $18 Rxh2 35. exd6+ Kxd6 36.
Rxh2 {Dies Endspiel ist gewonnen, auch wenn die technische Realisierung nicht
so einfach ist.} Bc6 37. Bc2 Ne5 38. b3 Nf3 39. Rh7 f6 40. Kc1 a5 41. Kd1 Ke6
42. Bd3 Kd6 43. Ke2 Ne5 44. Kd2 Bb7 45. Kc3 Nc6 46. Rh8 Kc7 47. Bf1 Ne5 48. Bg2
Bc6 49. a3 Bb7 50. Rh7 Kd7 51. b4 axb4+ 52. axb4 cxb4+ 53. Kxb4 Ba6 54. Bh3+ g4
55. Bf1 Bb7 56. Bg2 Ba6 57. Rh5 Ke6 (57... Nxc4 58. Bf1 $18) (57... Bxc4 58.
Rxe5 $18) 58. Kc3 Kd6 59. Bf1 Bb7 60. Bd3 Bc6 61. Rh7 Bd7 62. Be2 Be6 63. Bf1
Bf7 64. Bd3 Be6 65. Rh8 Nc6 66. Bc2 Kc5 67. Bb3 Bf7 68. Ba4 Ne5 69. Rc8+ Kb6
70. c5+ Kb7 71. Rh8 Bg6 72. Kd4 Bf7 73. Rh7 Kc7 74. Bb5 Nf3+ 75. Ke3 Ne5 76.
Rh8 Bg6 77. Ra8 Kb7 78. Ra6 1-0